[Event "<1600 WORLD CUP blitz"]
[Site "SchemingMind.com"]
[Date "2009.09.17"]
[Round "-"]
[White "dtedesco"]
[Black "XTC"]
[Result "0-1"]
[WhiteCountry "CAN"]
[BlackCountry "COL"]
[WhiteElo "1494"]
[WhiteRD "65"]
[BlackElo "1628"]
[BlackRD "56"]
[GameID "220208"]

1. c4 Nf6 2. d4 e6 3. Nf3 d5 4. Nc3 Be7 5. Bf4 O-O 6. e3 b6 7. Bd3 Bb7 8. Ne5 Nbd7 9. Nxd7 Qxd7 10. O-O Bd6
11. Bg5 Be7 12. a3 h6 13. Bxf6 Bxf6 14. e4 dxe4 15. Bxe4 Bxe4 16. Nxe4 Qxd4 17. Nxf6+ Qxf6 18. Qd7 c5 19. b4 cxb4 20. axb4 Rfd8
21. Qb7 Qc3 22. Rad1 Qxc4 23. Rxd8+ Rxd8 24. g3= Qxb4 25. Qxa7 b5 26. Rc1 g5 27. f3 Qb2 28. Rf1 Rd2 29. Rf2 Rxf2 30. Qxf2 Qc3
31. Qb6 b4 32. Kg2 b3 33. Kf2 Qc2+ 34. Ke1 b2
0-1

[Event "<1600 WORLD CUP blitz"]
[Site "SchemingMind.com"]
[Date "2009.09.17"]
[Round "-"]
[White "TheTrainer"]
[Black "XTC"]
[Result "0-1"]
[WhiteCountry "USA"]
[BlackCountry "COL"]
[WhiteElo "1328"]
[WhiteRD "86"]
[BlackElo "1628"]
[BlackRD "56"]
[GameID "220209"]

1. e4 e5 2. Nf3 Nc6 3. Bb5 a6 4. Bxc6 dxc6 5. Nc3 Nf6 6. d3 Bd6 7. g3 O-O 8. Ng5 h6 9. Nh3 Bxh3 10. Be3 Bb4
11. Qd2 Ng4 12. O-O-O Nxe3 13. Qxe3 Bxc3 14. bxc3 Qd6 15. d4 Qa3+ 16. Kb1 Be6 17. c4 Qxe3 18. fxe3 exd4 19. exd4 Bxc4 20. Kb2 Rfe8
21. e5 Rad8 22. Rhe1 c5 23. dxc5 Rxd1 24. Rxd1 Rxe5 25. c6 bxc6 26. Rd7 Rb5+ 27. Kc3 Bxa2 28. Rxc7 Bd5 29. Ra7 a5 30. h4 f6
31. Ra8+ Kh7 32. h5 c5 33. Rd8 Bf3 34. Kc4 Be2+ 35. Kd5 c4+ 36. Kc6 Rxh5 37. Kd7 Rd5+ 38. Ke7 Rxd8 39. Kxd8 a4
0-1

[Event "<1600 WORLD CUP blitz"]
[Site "SchemingMind.com"]
[Date "2009.09.17"]
[Round "-"]
[White "lumamo"]
[Black "XTC"]
[Result "0-1"]
[WhiteCountry "ESP"]
[BlackCountry "COL"]
[WhiteElo "1360"]
[WhiteRD "78"]
[BlackElo "1628"]
[BlackRD "56"]
[GameID "220210"]

1. e4 e5 2. f4 exf4 3. Nf3 g5 4. h3 Nc6 5. Bb5 Bg7 6. d4 a6 7. Bxc6 dxc6 8. Nc3 c5 9. d5 Bxc3+ 10. bxc3 Nf6
11. Nxg5 Nxd5 12. Qh5 Qe7 13. Nxf7 Qxe4+ 14. Kd1 Qg6 15. Qxg6 hxg6 16. Nxh8 Nxc3+ 17. Kd2 Ne4+ 18. Ke1 g5 19. h4 Ng3 20. Rh2 Bf5
21. hxg5 Bxc2 22. Bxf4 Nf5 23. Bxc7 Kd7 24. Rc1 Nd4 25. Bb6 Re8+ 26. Kf2 Kc6 27. Rh6+ Kb5
0-1

[Event "<1600 WORLD CUP blitz"]
[Site "SchemingMind.com"]
[Date "2009.09.18"]
[Round "-"]
[White "Chlestakov"]
[Black "lame wolf"]
[Result "1-0"]
[WhiteCountry "CHN"]
[BlackCountry "INT"]
[WhiteElo "1634"]
[WhiteRD "78"]
[BlackElo "1089"]
[BlackRD "59"]
[GameID "220242"]

1. e4 e5 2. Nf3 Nc6 3. Bb5 d6 4. d4 Bd7 5. Nc3 Nf6 6. O-O Be7 7. Re1 a6 8. Bxc6 Bxc6 9. dxe5 dxe5 10. Qxd8+ Rxd8
11. Nxe5 Bd6 12. Nxc6 bxc6 13. e5 Bb4 14. exf6+ Kf8 15. fxg7+ Kxg7 16. Bf4 Rhe8 17. Bxc7 Rd2 18. Rxe8 Bxc3 19. bxc3 Rxc2 20. Ra8 Rxc3
21. Be5+
1-0

[Event "<1600 WORLD CUP blitz"]
[Site "SchemingMind.com"]
[Date "2009.09.20"]
[Round "-"]
[White "Chlestakov"]
[Black "XTC"]
[Result "1/2-1/2"]
[WhiteCountry "CHN"]
[BlackCountry "COL"]
[WhiteElo "1634"]
[WhiteRD "78"]
[BlackElo "1628"]
[BlackRD "56"]
[GameID "220243"]

1. e4 e5 2. Nf3 Nc6 3. Bb5 Nf6 4. O-O Nxe4 5. d4 Be7 6. Qe2 d5 7. c4 exd4 8. cxd5 Qxd5 9. Rd1 Bd7 10. Rxd4 Nxd4
11. Bxd7+ Kxd7 12. Nxd4 Qxd4 13. Be3 Qd5 14. Na3 Bxa3 15. Rd1 Qxd1+ 16. Qxd1+ Bd6 17. Qa4+ c6 18. Qxe4 g6 19. Bd4 Rhe8 20. Qg4+ f5
21. Qd1 Kc7 22. g3 Rad8 23. Qa4 a6 24. Qb3 Re1+ 25. Kg2 b5 26. Bc3 Rde8 27. Bxe1 Rxe1 28. a4 Re4 29. axb5 cxb5 30. Qg8 Re7
31. Qa8 Kb6 32. Qd8+ Kc5 33. Qc8+ Kb6 34. Qd8+ Kc6 35. Qa8+ Kb6=
1/2-1/2

[Event "<1600 WORLD CUP blitz"]
[Site "SchemingMind.com"]
[Date "2009.09.20"]
[Round "-"]
[White "Chlestakov"]
[Black "cool_dude"]
[Result "1-0"]
[WhiteCountry "CHN"]
[BlackCountry "GBR"]
[WhiteElo "1634"]
[WhiteRD "78"]
[BlackElo "1306"]
[BlackRD "94"]
[GameID "220244"]

1. e4 e5 2. Nf3 d6 3. d4 exd4 4. Nxd4 Nf6 5. Nc3 Be7 6. Be2 Bd7 7. O-O Nc6 8. Re1 O-O 9. Nxc6 Bxc6 10. Be3 Bxe4
11. Nxe4 Nxe4 12. Bf3 Nf6 13. Bxb7
1-0

[Event "<1600 WORLD CUP blitz"]
[Site "SchemingMind.com"]
[Date "2009.09.20"]
[Round "-"]
[White "Chlestakov"]
[Black "jamesm_beatty"]
[Result "1-0"]
[WhiteCountry "CHN"]
[BlackCountry "USA"]
[WhiteElo "1634"]
[WhiteRD "78"]
[BlackElo "1451"]
[BlackRD "68"]
[GameID "220245"]

1. e4 e5 2. Nf3 Nc6 3. Bb5 a6 4. Ba4 Nf6 5. O-O Nxe4 6. d4 exd4 7. Re1 d5 8. Nxd4 Bd7 9. Nc3 Bc5 10. Bxc6 Bxc6
11. f3 O-O 12. fxe4 Bxd4+ 13. Qxd4 dxe4 14. Qxd8 Raxd8 15. Bf4 Rfe8 16. Bxc7 Rd2 17. Re2 e3 18. Rd1 Rxd1+ 19. Nxd1 Bd5 20. b3 b5
21. Rxe3 Rxe3 22. Nxe3 Be4 23. Kf2 g6 24. g3 f5 25. a3 Kf7 26. c4 bxc4 27. bxc4 a5 28. Bxa5 Ke6 29. c5 Kd7 30. Bb6
1-0

[Event "<1600 WORLD CUP blitz"]
[Site "SchemingMind.com"]
[Date "2009.09.20"]
[Round "-"]
[White "Chlestakov"]
[Black "agoodhobby"]
[Result "1-0"]
[WhiteCountry "CHN"]
[BlackCountry "USA"]
[WhiteElo "1590"]
[WhiteRD "98"]
[BlackElo "1373"]
[BlackRD "63"]
[GameID "220246"]

1. e4 c5 2. Nf3 Nc6 3. d4 cxd4 4. Nxd4 Nf6 5. Nc3 d6 6. Bg5 Bd7 7. Qd2 e5 8. Nxc6 bxc6 9. O-O-O Be7 10. Bxf6 gxf6
11. f4
1-0

[Event "<1600 WORLD CUP blitz"]
[Site "SchemingMind.com"]
[Date "2009.09.20"]
[Round "-"]
[White "Chlestakov"]
[Black "OffTheTopRope"]
[Result "1-0"]
[WhiteCountry "CHN"]
[BlackCountry "USA"]
[WhiteElo "1634"]
[WhiteRD "78"]
[BlackElo "1717"]
[BlackRD "80"]
[GameID "220247"]

1. e4 c6 2. d4 d5 3. Nc3 dxe4 4. Nxe4 Bf5 5. Ng3 Bg6 6. h4 h6 7. Nf3 Nd7 8. h5 Bh7 9. Bd3 Bxd3 10. Qxd3 e6
11. Bf4 Qa5+ 12. Bd2 Qb6 13. O-O-O O-O-O 14. Kb1
1-0

[Event "<1600 WORLD CUP blitz"]
[Site "SchemingMind.com"]
[Date "2009.09.21"]
[Round "-"]
[White "Chlestakov"]
[Black "TheTrainer"]
[Result "1-0"]
[WhiteCountry "CHN"]
[BlackCountry "USA"]
[WhiteElo "1634"]
[WhiteRD "78"]
[BlackElo "1328"]
[BlackRD "86"]
[GameID "220249"]

1. e4 e5 2. Nf3 Nc6 3. Bb5 Qf6 4. Nc3 g6 5. Nd5 Qe6 6. Nxc7+ Ke7 7. Nxe6 Kxe6 8. O-O Nd4 9. Nxd4+ exd4 10. Qg4+ f5
11. exf5+ gxf5 12. Re1+ Kf6 13. Qxd4+ Kg6 14. Qxh8 Bg7 15. Qxg8
1-0

[Event "<1600 WORLD CUP blitz"]
[Site "SchemingMind.com"]
[Date "2009.09.21"]
[Round "-"]
[White "Chlestakov"]
[Black "lumamo"]
[Result "1-0"]
[WhiteCountry "CHN"]
[BlackCountry "ESP"]
[WhiteElo "1634"]
[WhiteRD "78"]
[BlackElo "1360"]
[BlackRD "78"]
[GameID "220250"]

1. e4 e5 2. Nf3 Nc6 3. Bb5 d6 4. d4 Bd7 5. Nc3 Nf6 6. O-O a6 7. Bxc6 Bxc6 8. Bg5 Be7 9. Qe2 exd4 10. Nxd4 O-O
11. Nxc6 bxc6 12. Rad1 c5 13. e5
1-0

[Event "<1600 WORLD CUP blitz"]
[Site "SchemingMind.com"]
[Date "2009.09.18"]
[Round "-"]
[White "lame wolf"]
[Black "Chlestakov"]
[Result "0-1"]
[WhiteCountry "INT"]
[BlackCountry "CHN"]
[WhiteElo "1089"]
[WhiteRD "59"]
[BlackElo "1634"]
[BlackRD "78"]
[GameID "220251"]

1. d4 Nf6 2. c4 e6 3. e3 d5 4. cxd5 exd5 5. Bd3 c5 6. Bd2 Nc6 7. Bb5 Bd7 8. Bxc6 Bxc6 9. Ne2 Be7 10. O-O Qb6
11. Qb3 Qxb3 12. axb3 O-O 13. b4 Bb5 14. Re1 cxb4 15. b3 Ne4 16. f3 Nxd2 17. Nxd2 Rfe8 18. Rac1 Bxe2 19. Rxe2 Bg5 20. f4 Bxf4
21. Kh1 Rxe3 22. Rce1 Rxe2 23. Rxe2 Rc8 24. Re7 Rc1+
0-1

[Event "<1600 WORLD CUP blitz"]
[Site "SchemingMind.com"]
[Date "2009.09.18"]
[Round "-"]
[White "XTC"]
[Black "Chlestakov"]
[Result "0-1"]
[WhiteCountry "COL"]
[BlackCountry "CHN"]
[WhiteElo "1628"]
[WhiteRD "56"]
[BlackElo "1634"]
[BlackRD "78"]
[GameID "220252"]

1. e4 e5 2. Nf3 Nc6 3. Bb5 a6 4. Ba4 Nf6 5. O-O Be7 6. Re1 b5 7. Bb3 d6 8. c3 O-O 9. h3 Bb7 10. d4 Re8
11. Nbd2 Bf8 12. Bc2 g6 13. a4 Bg7 14. b4 Nh5 15. g3 exd4 16. cxd4 Nxd4 17. Nxd4 Bxd4 18. Rb1 Qd7 19. axb5 Qxh3 20. Qf3 Nxg3
21. Qg2 Bxf2+ 22. Kxf2 Qxg2+ 23. Kxg2 Nh5 24. bxa6 Rxa6 25. Bb2 Nf4+ 26. Kf3 Ne6 27. Nb3 h5 28. Bf6 Rb6 29. Na5 c5 30. Nxb7 Rxb7
31. bxc5 Rxb1 32. Rxb1 dxc5 33. Rh1 Kh7 34. e5 Nd4+ 35. Kf4 Nxc2 36. Rc1 Nd4 37. Ke4 Ne6 38. Kd5 g5 39. Kd6 Rc8 40. Ke7 Kg6
41. Kd6 h4 42. Kd5 Nf4+ 43. Kc4 Kf5 44. Rf1 Kg6 45. Rg1 Ne6 46. Be7 Kh5 47. Rh1 Rh8 48. Bf6 Rh7 49. Be7 Kg6 50. Bxc5 Nxc5
51. Kxc5 g4 52. Kd6 g3 53. e6 fxe6 54. Kxe6 Rh5
0-1

[Event "<1600 WORLD CUP blitz"]
[Site "SchemingMind.com"]
[Date "2009.09.18"]
[Round "-"]
[White "cool_dude"]
[Black "Chlestakov"]
[Result "0-1"]
[WhiteCountry "GBR"]
[BlackCountry "CHN"]
[WhiteElo "1306"]
[WhiteRD "94"]
[BlackElo "1634"]
[BlackRD "78"]
[GameID "220253"]

1. d4 Nf6 2. c4 e6 3. Bg5 Bb4+ 4. Nd2 h6 5. Bh4 c5 6. e3 b6 7. a3 Bxd2+ 8. Qxd2 cxd4 9. Qxd4 Nc6 10. Qc3 e5
11. Nf3 d6 12. Qb3 Bg4 13. Qb5 Rc8 14. Be2 O-O 15. O-O e4 16. Nd2 Bxe2 17. Rfe1 Bd3 18. Qf5 g5 19. Bxg5 hxg5 20. Qxg5+ Kh8
21. Rad1 Ne5 22. Nb3 Rg8
0-1

[Event "<1600 WORLD CUP blitz"]
[Site "SchemingMind.com"]
[Date "2009.09.18"]
[Round "-"]
[White "agoodhobby"]
[Black "Chlestakov"]
[Result "0-1"]
[WhiteCountry "USA"]
[BlackCountry "CHN"]
[WhiteElo "1373"]
[WhiteRD "63"]
[BlackElo "1590"]
[BlackRD "98"]
[GameID "220255"]

1. e4 e5 2. Nf3 Nc6 3. Bb5 a6 4. Ba4 Nf6 5. O-O b5 6. Bb3 Bc5 7. c3 d6 8. d4 Bb6 9. Bg5 h6 10. Bh4 O-O
11. Re1 Bg4 12. h3 Be6 13. Bxe6 fxe6 14. dxe5 dxe5 15. Qxd8 Raxd8 16. g4 g5 17. Bg3 Nxg4
0-1

[Event "<1600 WORLD CUP blitz"]
[Site "SchemingMind.com"]
[Date "2009.09.18"]
[Round "-"]
[White "OffTheTopRope"]
[Black "Chlestakov"]
[Result "1-0"]
[WhiteCountry "USA"]
[BlackCountry "CHN"]
[WhiteElo "1717"]
[WhiteRD "80"]
[BlackElo "1634"]
[BlackRD "78"]
[GameID "220256"]

1. e4 e5 2. Nc3 Nf6 3. f4 d5 4. fxe5 Nxe4 5. Nf3 Bg4 6. Qe2 Nd7 7. Nxe4 dxe4 8. Qxe4 Bxf3 9. gxf3 Nc5 10. Qg4 Ne6
11. Bc4 Qd7 12. d3 Bb4+ 13. c3 Bf8 14. Be3 g6 15. Qh4 Be7 16. Qe4 Rb8 17. O-O-O b6 18. h4 Ng7 19. Bh6 Nf5 20. e6 fxe6
21. Bxe6 Qd6 22. Bf4 Qc5 23. Be5 Rf8 24. d4 Qa5 25. Qc6+ Kd8 26. Bxc7#
1-0

[Event "<1600 WORLD CUP blitz"]
[Site "SchemingMind.com"]
[Date "2009.09.20"]
[Round "-"]
[White "dtedesco"]
[Black "Chlestakov"]
[Result "1/2-1/2"]
[WhiteCountry "CAN"]
[BlackCountry "CHN"]
[WhiteElo "1494"]
[WhiteRD "65"]
[BlackElo "1634"]
[BlackRD "78"]
[GameID "220257"]

1. c4 e5 2. Nc3 Nf6 3. Nf3 Nc6 4. e4 Bc5 5. Nxe5 Nxe5 6. d4 Bb4 7. dxe5 Nxe4 8. Qd4 Nxc3 9. bxc3 Be7 10. Bd3 d6
11. exd6 Bf6 12. Qe4+ Be6 13. Bd2 c6 14. c5 b6 15. Qxc6+ Bd7 16. Qe4+ Be6 17. Bb5+ Kf8 18. d7 Be7 19. c6 a6 20. Ba4 b5
21. Bb3 Bxb3 22. axb3 g6 23. Bh6+ Kg8 24. Qe5 Bf6 25. c7 Bxe5 26. cxd8=Q+ Rxd8 27. Rxa6 Bxc3+ 28. Ke2 Bg7 29. Bxg7 Kxg7 30. Rd1 Kf8
31. Ra7 Kg7 32. Kf1 f5 33. h4 Kf6 34. Rb7 Ke7 35. Rxb5 Rxd7 36. Rxd7+ Kxd7 37. Ke2 Re8+ 38. Kf3 Rc8 39. b4 Rc4 40. g3 Kc6
41. Rb8 Kd7 42. Rb5 Kc6 43. Rb8 Kc7 44. Rb5 Kc6 45. Rb8 Kc7 46. Rb5 Kc6 47. Rb8 Kc7 48. Rb5
1/2-1/2

[Event "<1600 WORLD CUP blitz"]
[Site "SchemingMind.com"]
[Date "2009.09.18"]
[Round "-"]
[White "TheTrainer"]
[Black "Chlestakov"]
[Result "1-0"]
[WhiteCountry "USA"]
[BlackCountry "CHN"]
[WhiteElo "1328"]
[WhiteRD "86"]
[BlackElo "1634"]
[BlackRD "78"]
[GameID "220258"]

1. e4 e5 2. d3 Nf6 3. Nf3 Nc6 4. Be3 d5 5. exd5 Nxd5 6. Qd2 Bg4 7. Be2 Be7 8. c4 Nxe3 9. fxe3 Bb4 10. Nc3 Bxf3
11. Bxf3 O-O 12. a3 Bxc3 13. Qxc3 Re8 14. O-O Qf6 15. Bxc6 Qxc6 16. Qc2 Re7 17. b4 Re6 18. b5 Qd7 19. Rae1 c6 20. bxc6 Qxc6
21. e4 Qc5+ 22. Qf2 Qc7 23. Qh4 Qc5+ 24. Qf2 Qxf2+ 25. Rxf2 Re7 26. g4 Rd8 27. Rd1 Rd6 28. Rfd2 b6 29. d4 Red7 30. d5 Rc7
31. Rc1 b5 32. c5 Rg6 33. h3 Kf8 34. d6 Rxd6 35. Rxd6 Rc8 36. c6 a5 37. Rcd1 Ke8 38. Rb1
1-0

[Event "<1600 WORLD CUP blitz"]
[Site "SchemingMind.com"]
[Date "2009.09.18"]
[Round "-"]
[White "lumamo"]
[Black "Chlestakov"]
[Result "0-1"]
[WhiteCountry "ESP"]
[BlackCountry "CHN"]
[WhiteElo "1360"]
[WhiteRD "78"]
[BlackElo "1634"]
[BlackRD "78"]
[GameID "220259"]

1. e4 e5 2. f4 exf4 3. Nf3 g5 4. h3 h6 5. d4 Bg7 6. Bc4 Qe7 7. O-O d6 8. e5 dxe5 9. Nxe5 Be6 10. Bxe6 fxe6
11. Ng6 Qd6 12. Nxh8 Bxh8 13. Qh5+ Kd7 14. Qf7+ Qe7 15. Qxg8 Bxd4+ 16. Kh1 Qf6 17. c3 Bb6
0-1